000 00415nam a2200157Ia 4500
008 100122s9999 xx 000 0 und d
082 _b46650
_a823
100 _aपाटील देवदत्त
245 _aव्याध
250 _a1
260 _bमधुराज पब्लिकेशन
_c1992
300 _a364
630 _aव्याध
730 _aव्याध
942 _cBOOK
999 _c425735
_d425732